| Tag |
First Indicator |
Second Indicator |
Subfields |
| LEADER |
00000cam a2200000 a 4500 |
| 001 |
in00000008693 |
| 005 |
20151003080026.0 |
| 008 |
870417s1987 nyu b 00110 eng |
| 010 |
|
|
|a 87047602
|
| 020 |
|
|
|a 0801494729 (pbk. : alk. paper)
|
| 020 |
|
|
|a 0801420105 (hard : alk. paper)
|
| 035 |
|
|
|a (OCoLC)15629966
|
| 035 |
|
|
|9 AAA1094AM
|
| 040 |
|
|
|a DLC
|c DLC
|d TXA
|d UtOrBLW
|
| 050 |
0 |
0 |
|a PN212
|b .R33 1987
|
| 082 |
0 |
|
|a 808
|2 19
|
| 100 |
1 |
|
|a Rabinowitz, Peter J.,
|d 1944-
|
| 245 |
1 |
0 |
|a Before reading :
|b narrative conventions and the politics of interpretation /
|c Peter J. Rabinowitz.
|
| 264 |
|
1 |
|a Ithaca :
|b Cornell University Press,
|c 1987.
|
| 300 |
|
|
|a xi, 249 pages ;
|c 23 cm.
|
| 336 |
|
|
|a text
|b txt
|2 rdacontent
|
| 337 |
|
|
|a unmediated
|b n
|2 rdamedia
|
| 338 |
|
|
|a volume
|b nc
|2 rdacarrier
|
| 504 |
|
|
|a Bibliography: pages 233-240.
|
| 500 |
|
|
|a Includes index.
|
| 650 |
|
0 |
|a Narration (Rhetoric)
|
| 650 |
|
0 |
|a Hermeneutics.
|
| 650 |
|
0 |
|a Reading.
|
| 999 |
|
|
|a MARS
|
| 999 |
f |
f |
|s 97188629-6497-3188-90d1-db93c56359a8
|i 59f8de53-f024-318a-bc49-e58c6dbf1fdd
|t 0
|
| 952 |
f |
f |
|p normal
|a Texas A&M University
|b College Station
|c Sterling C. Evans Library
|d Evans: Library Stacks
|t 0
|e PN212 .R33 1987
|h Library of Congress classification
|i unmediated -- volume
|m A14812562691
|
| 998 |
f |
f |
|a PN212 .R33 1987
|t 0
|l Evans: Library Stacks
|